[Event "SVK-chT2B 0910"]
[Site "Slovakia"]
[Date "2010.02.06"]
[Round "8"]
[White "Jancovic, Peter"]
[Black "Balogh, Marian"]
[Result "1/2-1/2"]
[WhiteElo "2143"]
[BlackElo "2253"]
[PlyCount "85"]
[EventDate "2009.10.10"]
[EventType "team"]
[EventRounds "11"]
[EventCountry "SVK"]
[SourceTitle "EXT 2011"]
[Source "ChessBase"]
[SourceDate "2010.11.26"]
[SourceVersion "1"]
[SourceVersionDate "2010.11.26"]
[SourceQuality "1"]
[WhiteTeam "Nitra NSK III"]
[BlackTeam "Surany"]
[WhiteTeamCountry "SVK"]
[BlackTeamCountry "SVK"]

1. e4 c5 2. Nf3 Nc6 3. c3 d5 4. exd5 Qxd5 5. d4 Bg4 6. Be2 cxd4 7. cxd4 e6 8. 0-0 Nf6 9. Nc3 Qa5 10. h3 Bf5 11. Bd2 Bb4 12. a3 Bxc3 13. Bxc3 Qd5 14. Qa4 Be4 15. Ne5 0-0 16. f3 Bg6 17. Bc4 Qd6 18. Rfd1 Nd5 19. Bxd5 Qxd5 20. Nxc6 bxc6 21. Rac1 Rfb8 22. b4 Rb6 23. Be1 f6 24. Bg3 Be8 25. Rc5 Qd7 26. Qc2 Rd8 27. Qc4 Bg6 28. Qe2 Rb5 29. Qc4 Rxc5 30. Qxc5 e5 31. Bf2 e4 32. fxe4 Bxe4 33. Re1 Re8 34. Qc4+ Bd5 35. Qc3 Rxe1+ 36. Qxe1 Kf7 37. Qe2 Qf5 38. Kh2 Qf4+ 39. Bg3 Qxd4 40. Qh5+ Ke7 41. Qxh7 Kf7 42. Qh5+ Kg8 43. Qe8+ 1/2-1/2

[Event "SVK-chT1W 0910"]
[Site "Slovakia"]
[Date "2009.11.14"]
[Round "3.1"]
[White "Vass, Frantisek"]
[Black "Balogh, Marian"]
[Result "1-0"]
[WhiteElo "2350"]
[BlackElo "2253"]
[PlyCount "63"]
[EventDate "2009.10.17"]
[EventType "team"]
[EventRounds "11"]
[EventCountry "SVK"]
[SourceTitle "EXT 2011"]
[Source "ChessBase"]
[SourceDate "2010.11.26"]
[SourceVersion "1"]
[SourceVersionDate "2010.11.26"]
[SourceQuality "1"]
[WhiteTeam "Galanta"]
[BlackTeam "Nove Zamky Basta"]
[WhiteTeamCountry "SVK"]
[BlackTeamCountry "SVK"]

1. d4 Nf6 2. Bg5 d5 3. Nf3 Ne4 4. h4 Qd6 5. Qc1 f6 6. Bf4 Qb6 7. e3 Bf5 8. Be2 Nd7 9. 0-0 g5 10. hxg5 fxg5 11. Nxg5 Nxg5 12. Bxg5 Qg6 13. Bf4 Rg8 14. g3 Nf6 15. Nd2 Bh6 16. Be5 Bg4 17. Bf3 Qh5 18. Bg2 Be2 19. Bxf6 exf6 20. Re1 Rxg3 21. Rxe2 Rxg2+ 22. Kxg2 0-0-0 23. Re1 Rg8+ 24. Kf1 Re8 25. c3 c5 26. Qc2 c4 27. b3 Qh3+ 28. Ke2 Qg4+ 29. Nf3 Bxe3 30. fxe3 Qg2+ 31. Kd1 Qxf3+ 32. Qe2 1-0

[Event "SVK-chT2B 0910"]
[Site "Slovakia"]
[Date "2009.10.11"]
[Round "2"]
[White "Pinter, Patrik"]
[Black "Balogh, Marian"]
[Result "1-0"]
[WhiteElo "2190"]
[BlackElo "2253"]
[PlyCount "91"]
[EventDate "2009.10.10"]
[EventType "team"]
[EventRounds "11"]
[EventCountry "SVK"]
[SourceTitle "EXT 2011"]
[Source "ChessBase"]
[SourceDate "2010.11.26"]
[SourceVersion "1"]
[SourceVersionDate "2010.11.26"]
[SourceQuality "1"]
[WhiteTeam "Topolcianky"]
[BlackTeam "Surany"]
[WhiteTeamCountry "SVK"]
[BlackTeamCountry "SVK"]

1. e4 c6 2. d4 d5 3. Nc3 dxe4 4. Nxe4 Nf6 5. Nxf6+ exf6 6. Be2 Bd6 7. Bf3 0-0 8. Ne2 Qc7 9. h3 Bf5 10. 0-0 Nd7 11. c4 b6 12. Be3 Rad8 13. Qa4 c5 14. Rfd1 Rfe8 15. Nc3 cxd4 16. Nb5 Bh2+ 17. Kh1 Qb8 18. Nxd4 Nc5 19. Qa3 Be4 20. Nc6 Rxd1+ 21. Rxd1 Qc7 22. Bxc5 Qxc6 23. Bxe4 Qxe4 24. Kxh2 Qe5+ 25. Kg1 bxc5 26. Qxa7 Qe2 27. Qa4 g5 28. Qd7 Ra8 29. a3 Qxb2 30. Qe7 Kg7 31. Qxc5 Rxa3 32. h4 Ra1 33. Rxa1 Qxa1+ 34. Kh2 h6 35. hxg5 hxg5 36. Qe3 Qe5+ 37. Qxe5 fxe5 38. Kg3 f5 39. Kf3 g4+ 40. Kg3 Kf6 41. Kh4 e4 42. g3 Ke5 43. Kg5 e3 44. fxe3 Ke4 45. c5 Kf3 46. c6 1-0

[Event "SVK-chT2B 0910"]
[Site "Slovakia"]
[Date "2009.10.10"]
[Round "1"]
[White "Balogh, Marian"]
[Black "Veres, Andrej"]
[Result "1-0"]
[WhiteElo "2253"]
[BlackElo "2175"]
[PlyCount "111"]
[EventDate "2009.10.10"]
[EventType "team"]
[EventRounds "11"]
[EventCountry "SVK"]
[SourceTitle "EXT 2011"]
[Source "ChessBase"]
[SourceDate "2010.11.26"]
[SourceVersion "1"]
[SourceVersionDate "2010.11.26"]
[SourceQuality "1"]
[WhiteTeam "Surany"]
[BlackTeam "Partizanske"]
[WhiteTeamCountry "SVK"]
[BlackTeamCountry "SVK"]

1. d4 Nf6 2. Nf3 d5 3. Bf4 Bf5 4. e3 e6 5. Bd3 Bg6 6. Bxg6 hxg6 7. Nbd2 Nbd7 8. c3 c5 9. Qa4 a6 10. h4 b5 11. Qc2 Rc8 12. Ng5 Be7 13. Ndf3 Ne4 14. Nxe4 dxe4 15. Qxe4 g5 16. Bg3 gxh4 17. Be5 Nxe5 18. dxe5 Qd5 19. Qxd5 exd5 20. 0-0-0 Rd8 21. g3 g5 22. gxh4 gxh4 23. Rdg1 Rh5 24. Rg4 a5 25. Kc2 a4 26. a3 Kd7 27. e4 dxe4 28. Rxe4 Rf5 29. Rh3 Kc6 30. c4 bxc4 31. Rxc4 Kb5 32. Re4 Rg8 33. b3 axb3+ 34. Kxb3 Rg2 35. a4+ Ka5 36. Nxh4 Bxh4 37. Rhxh4 Rfxf2 38. Kc4 Kb6 39. Rh6+ Ka5 40. Kxc5 Rc2+ 41. Rc4 Rxc4+ 42. Kxc4 Rc2+ 43. Kd5 Rc7 44. Rh4 Rd7+ 45. Kc6 Re7 46. Kd6 Re6+ 47. Kd5 Re7 48. Rf4 Rd7+ 49. Kc6 Re7 50. Kd6 Re6+ 51. Kd5 Re7 52. Rc4 Ra7 53. Ke4 Ra6 54. Kf5 Rh6 55. Rc7 Rh7 56. Kf6 1-0

[Event "SVK-chT1W 0809"]
[Site "Slovakia"]
[Date "2009.03.08"]
[Round "11.2"]
[White "Balogh, Marian"]
[Black "Sosna, Jan"]
[Result "1-0"]
[WhiteElo "2217"]
[BlackElo "2375"]
[PlyCount "119"]
[EventDate "2008.10.18"]
[EventType "team-tourn"]
[EventRounds "11"]
[EventCountry "SVK"]
[SourceTitle "EXT 2010"]
[Source "ChessBase"]
[SourceDate "2010.11.25"]
[SourceVersion "1"]
[SourceVersionDate "2010.11.25"]
[SourceQuality "1"]
[WhiteTeam "Nove Zamky Basta"]
[BlackTeam "Senica SK"]
[WhiteTeamCountry "SVK"]
[BlackTeamCountry "SVK"]

1. d4 d5 2. Nf3 c6 3. c3 Bf5 4. Bf4 e6 5. e3 Nf6 6. Bd3 Bg6 7. Bxg6 hxg6 8. Nbd2 Be7 9. Qc2 Nh5 10. Bxb8 Rxb8 11. Ne5 0-0 12. g4 Nf6 13. h4 Bd6 14. g5 Nh5 15. Ndf3 c5 16. 0-0-0 Qc7 17. Ng4 b5 18. dxc5 Bxc5 19. Kb1 Rfc8 20. Nfe5 Kh7 21. f4 Bd6 22. Rh2 b4 23. cxb4 Qe7 24. Qd3 Rxb4 25. Rc2 Rxc2 26. Qxc2 Qb7 27. Rd3 Ng3 28. a3 Rb5 29. Ka2 Nf5 30. Qh2 Kg8 31. Rd2 Bxe5 32. Nxe5 Nxe3 33. Qe2 Nf5 34. Qh2 d4 35. h5 Qd5+ 36. Ka1 Rc5 37. Nd3 Rc8 38. hxg6 fxg6 39. Qh3 e5 40. fxe5 Qb3 41. Rh2 Kf7 42. Kb1 Rb8 43. Qf3 Kg8 44. Rd2 Rc8 45. Qe4 Qc4 46. e6 Re8 47. Nf4 Qf1+ 48. Ka2 Qc4+ 49. b3 Qc1 50. Rc2 Qd1 51. e7 Rxe7 52. Qd5+ Rf7 53. Rc8+ Kh7 54. Qxf7 Qd2+ 55. Kb1 Qe1+ 56. Rc1 Qe4+ 57. Ka1 Ne3 58. Ne6 Nf5 59. Nf8+ Kh8 60. Qxg6 1-0

[Event "SVK-chT1W 0809"]
[Site "Slovakia"]
[Date "2008.12.14"]
[Round "6.3"]
[White "Balogh, Marian"]
[Black "Nicolini, Alexander"]
[Result "1-0"]
[WhiteElo "2217"]
[BlackElo "2181"]
[PlyCount "57"]
[EventDate "2008.10.18"]
[EventType "team-tourn"]
[EventRounds "11"]
[EventCountry "SVK"]
[SourceTitle "EXT 2010"]
[Source "ChessBase"]
[SourceDate "2010.11.25"]
[SourceVersion "1"]
[SourceVersionDate "2010.11.25"]
[SourceQuality "1"]
[WhiteTeam "Nove Zamky Basta"]
[BlackTeam "Trnava Lokomotiva"]
[WhiteTeamCountry "SVK"]
[BlackTeamCountry "SVK"]

1. d4 f5 2. Nc3 d5 3. Bf4 e6 4. Nf3 Nf6 5. a3 Be7 6. e3 0-0 7. Bd3 c5 8. dxc5 Bxc5 9. 0-0 Nc6 10. b4 Be7 11. Nb5 a6 12. Nbd4 Ne4 13. Nxc6 bxc6 14. Be5 a5 15. c4 dxc4 16. Bxc4 Qxd1 17. Rfxd1 axb4 18. axb4 Rxa1 19. Rxa1 Bxb4 20. Ra8 Bd7 21. Ra7 Rf7 22. Rxd7 Rxd7 23. Bxe6+ Rf7 24. Nd4 Bd6 25. Nxc6 Kf8 26. Bxf7 Kxf7 27. f3 Bxe5 28. Nxe5+ Ke6 29. fxe4 1-0

[Event "SVK-chT2B 0708"]
[Site "Slovakia"]
[Date "2008.03.08"]
[Round "10.6"]
[White "Debnar, Lubos"]
[Black "Balogh, Marian"]
[Result "1-0"]
[WhiteElo "2273"]
[BlackElo "2204"]
[PlyCount "61"]
[EventDate "2007.10.06"]
[EventType "team-tourn"]
[EventRounds "11"]
[EventCountry "SVK"]
[SourceTitle "EXT 2010"]
[Source "ChessBase"]
[SourceDate "2010.11.25"]
[SourceVersion "1"]
[SourceVersionDate "2010.11.25"]
[SourceQuality "1"]
[WhiteTeam "Topolcianky SK"]
[BlackTeam "Surany Lokomotiva"]
[WhiteTeamCountry "SVK"]
[BlackTeamCountry "SVK"]

1. d4 Nf6 2. Nf3 e6 3. c4 Bb4+ 4. Bd2 Qe7 5. g3 b6 6. Bg2 Bb7 7. 0-0 Be4 8. Bg5 h6 9. Bxf6 Qxf6 10. a3 Bd6 11. Nc3 Bb7 12. e4 Qd8 13. e5 Be7 14. Re1 0-0 15. Qd3 Qc8 16. Rac1 d6 17. d5 dxe5 18. Nxe5 Nd7 19. Nxf7 Nc5 20. Nxh6+ Kh8 21. Qe3 Kh7 22. Ng4 Qe8 23. b4 Qh5 24. h3 Bg5 25. f4 Rae8 26. bxc5 exd5 27. Qd3+ g6 28. Rxe8 Rxe8 29. fxg5 Qxg5 30. Rf1 dxc4 31. Qd4 1-0

[Event "SVK-chT 0708"]
[Site "Slovakia"]
[Date "2008.02.17"]
[Round "9"]
[White "Balogh, Marian"]
[Black "Havlicek, Libor"]
[Result "1/2-1/2"]
[WhiteElo "2204"]
[BlackElo "2339"]
[PlyCount "124"]
[EventDate "2007.10.20"]
[EventType "team-tourn"]
[EventRounds "11"]
[EventCountry "SVK"]
[SourceTitle "EXT 2019"]
[Source "ChessBase"]
[SourceDate "2018.10.10"]
[SourceVersion "1"]
[SourceVersionDate "2018.10.10"]
[SourceQuality "1"]
[WhiteTeam "Nove Zamky Basta"]
[BlackTeam "Bratislava Slovan"]
[WhiteTeamCountry "SVK"]
[BlackTeamCountry "SVK"]

1. d4 Nf6 2. Nf3 e6 3. g3 b6 4. Bg2 Bb7 5. 0-0 c5 6. c3 Be7 7. Nbd2 0-0 8. Re1 d5 9. Qc2 cxd4 10. Nxd4 Nc6 11. N2b3 Rc8 12. Bg5 Nxd4 13. Nxd4 h6 14. Bxf6 Bxf6 15. Rad1 Qc7 16. Qb3 Rfd8 17. Nb5 Qb8 18. e4 dxe4 19. Bxe4 Bxe4 20. Rxe4 Rxd1+ 21. Qxd1 Rd8 22. Qc2 Rd5 23. c4 Rd7 24. Re2 Qd8 25. Nc3 Qc7 26. Ne4 Bd4 27. b4 Qc6 28. h4 Rc7 29. Nd2 Qd6 30. Qb3 a5 31. a3 axb4 32. axb4 Ra7 33. Kg2 Ra1 34. Nf3 Qc6 35. Qd3 Bf6 36. Rc2 Be7 37. c5 bxc5 38. bxc5 Ra5 39. Qb3 Rxc5 40. Qb8+ Kh7 41. Rxc5 Bxc5 42. Qb1+ f5 43. Qc2 Qd5 44. h5 Bb6 45. Qe2 Bd8 46. Qc2 Qb7 47. Qe2 Qc6 48. Kg1 Bf6 49. Qd3 Qa4 50. Nh2 Kg8 51. Qf3 Qd7 52. Qb3 Qf7 53. Qf3 Bd4 54. Qa8+ Kh7 55. Qf3 Qf6 56. Qd3 e5 57. Nf3 Bb6 58. Nh4 e4 59. Qd5 e3 60. fxe3 Bxe3+ 61. Kg2 f4 62. Qe4+ Kg8 1/2-1/2

[Event "SVK-chT 0708"]
[Site "Slovakia"]
[Date "2008.01.19"]
[Round "6"]
[White "Balogh, Marian"]
[Black "Meszaros, Michal"]
[Result "1/2-1/2"]
[WhiteElo "2204"]
[BlackElo "2373"]
[PlyCount "107"]
[EventDate "2007.10.20"]
[EventType "team-tourn"]
[EventRounds "11"]
[EventCountry "SVK"]
[SourceTitle "EXT 2019"]
[Source "ChessBase"]
[SourceDate "2018.10.10"]
[SourceVersion "1"]
[SourceVersionDate "2018.10.10"]
[SourceQuality "1"]
[WhiteTeam "Nove Zamky Basta"]
[BlackTeam "Komarno"]
[WhiteTeamCountry "SVK"]
[BlackTeamCountry "SVK"]

1. d4 Nf6 2. Nf3 g6 3. g3 Bg7 4. Bg2 d5 5. c4 dxc4 6. Qa4+ c6 7. Qxc4 Be6 8. Qc2 Bf5 9. Qb3 Qb6 10. Nbd2 0-0 11. 0-0 Be6 12. Qxb6 axb6 13. b3 Na6 14. Bb2 Rfd8 15. Rfc1 Bf5 16. a3 Ne4 17. e3 Nac5 18. Nxe4 Bxe4 19. Rc3 Nd3 20. Ne1 Bxg2 21. Rxd3 Be4 22. Rd2 e5 23. f3 Bf5 24. Rad1 exd4 25. exd4 Bh6 26. f4 Bg4 27. Rc1 Bg7 28. b4 Rd7 29. Kf2 Rad8 30. Ke3 Rd5 31. Rc4 c5 32. bxc5 bxc5 33. Nf3 b5 34. Rc1 cxd4+ 35. Kf2 Bf5 36. Rcd1 d3 37. Bxg7 Kxg7 38. Ne5 f6 39. Nc6 R8d7 40. Nb4 R5d6 41. Rc1 h5 42. h4 Re6 43. Rc3 Re8 44. Nxd3 Red8 45. Ke3 Kf7 46. Rd1 Kg7 47. Rd2 Re8+ 48. Kf2 Ra8 49. Ke2 Re7+ 50. Kf2 Rea7 51. Nc5 Rxa3 52. Rxa3 Rxa3 53. Rb2 Rc3 54. Rxb5 1/2-1/2

[Event "SVK-chT 0708"]
[Site "Slovakia"]
[Date "2007.10.20"]
[Round "1"]
[White "Balogh, Marian"]
[Black "Motuz, Karol"]
[Result "0-1"]
[WhiteElo "2204"]
[BlackElo "2318"]
[PlyCount "96"]
[EventDate "2007.10.20"]
[EventType "team-tourn"]
[EventRounds "11"]
[EventCountry "SVK"]
[SourceTitle "EXT 2019"]
[Source "ChessBase"]
[SourceDate "2018.10.10"]
[SourceVersion "1"]
[SourceVersionDate "2018.10.10"]
[SourceQuality "1"]
[WhiteTeam "Nove Zamky Basta"]
[BlackTeam "Dubnica nad Vahom"]
[WhiteTeamCountry "SVK"]
[BlackTeamCountry "SVK"]

1. d4 Nf6 2. Nf3 c5 3. e3 e6 4. Bd3 d5 5. c3 Nc6 6. Nbd2 Be7 7. 0-0 0-0 8. b3 b6 9. Bb2 Bb7 10. Rc1 Rc8 11. Qe2 Rc7 12. Rfd1 Qa8 13. Bb1 Rd8 14. e4 dxe4 15. Nxe4 cxd4 16. Nxf6+ Bxf6 17. Qc2 g6 18. cxd4 Rcd7 19. Qe2 Nxd4 20. Nxd4 Bxd4 21. Rxd4 Rxd4 22. Bxd4 Rxd4 23. f3 Qd8 24. h3 Qd6 25. Re1 h5 26. Qe3 h4 27. Bc2 Rd2 28. Be4 Bxe4 29. fxe4 Rxa2 30. e5 Qd2 31. Qe4 Qd5 32. Qg4 Rd2 33. Kh1 Qxb3 34. Qxh4 Rd1 35. Rxd1 Qxd1+ 36. Kh2 a5 37. Qf2 b5 38. Qb6 Qd5 39. Qxa5 Qxe5+ 40. Kg1 Qd4+ 41. Kh2 b4 42. Qa8+ Kg7 43. Qb8 Qc3 44. h4 b3 45. h5 gxh5 46. Qf4 f6 47. Qa4 Qc7+ 48. Kh3 Qb7 0-1

[Event "SVK-chT2B 0708"]
[Site "Slovakia"]
[Date "2007.10.06"]
[Round "1.3"]
[White "Balogh, Marian"]
[Black "Gorusa, Miroslav"]
[Result "1-0"]
[WhiteElo "2204"]
[BlackElo "2188"]
[PlyCount "78"]
[EventDate "2007.10.06"]
[EventType "team-tourn"]
[EventRounds "11"]
[EventCountry "SVK"]
[SourceTitle "EXT 2010"]
[Source "ChessBase"]
[SourceDate "2010.11.25"]
[SourceVersion "1"]
[SourceVersionDate "2010.11.25"]
[SourceQuality "1"]
[WhiteTeam "Surany Lokomotiva"]
[BlackTeam "Nitra SPU II"]
[WhiteTeamCountry "SVK"]
[BlackTeamCountry "SVK"]

1. d4 Nf6 2. Nf3 e6 3. g3 b6 4. Bg2 Bb7 5. Bg5 Be7 6. Bxf6 Bxf6 7. c3 0-0 8. Qc2 d5 9. Nbd2 c5 10. e3 Nc6 11. 0-0 Rc8 12. Nb3 Qe7 13. Rad1 Rfd8 14. Rfe1 e5 15. dxe5 Nxe5 16. Nxe5 Qxe5 17. Re2 Rd6 18. Nc1 Rcd8 19. Red2 Bc8 20. Qa4 d4 21. cxd4 cxd4 22. exd4 Qh5 23. Re1 Bd7 24. Qxa7 Bxd4 25. Nb3 Bc5 26. Rxd6 Bxd6 27. Qxb6 Be7 28. h4 Bf6 29. Nc5 Qf5 30. Ne4 Be7 31. Nc3 Be6 32. Qc7 Bf6 33. Ne4 Rc8 34. Nxf6+ gxf6 35. Qa7 Rc2 36. Qd4 Qa5 37. b4 Qxa2 38. Qxf6 Qb3 39. Be4 Qxb4 1-0

[Event "SVK-chT2B 0607"]
[Site "Slovakia"]
[Date "2007.02.04"]
[Round "9.4"]
[White "Packa, Ladislav"]
[Black "Balogh, Marian"]
[Result "1/2-1/2"]
[WhiteElo "2238"]
[BlackElo "2243"]
[PlyCount "89"]
[EventDate "2006.10.14"]
[EventType "team-tourn"]
[EventRounds "11"]
[EventCountry "SVK"]
[SourceTitle "EXT 2008"]
[Source "ChessBase"]
[SourceDate "2007.11.25"]
[SourceVersion "1"]
[SourceVersionDate "2007.11.25"]
[SourceQuality "1"]
[WhiteTeam "Sala"]
[BlackTeam "Nove Zamky II"]
[WhiteTeamCountry "SVK"]
[BlackTeamCountry "SVK"]

1. e4 c5 2. Nf3 Nc6 3. Bb5 d6 4. 0-0 Bd7 5. c3 g6 6. d4 cxd4 7. cxd4 Bg7 8. Nc3 Nf6 9. d5 Nb8 10. Be2 Bg4 11. Be3 Bxf3 12. Bxf3 0-0 13. Qb3 Nbd7 14. Qxb7 a5 15. Qb3 Qc7 16. Nb5 Qb7 17. a4 Ne5 18. Bd4 Nxf3+ 19. Qxf3 Rac8 20. Nxd6 exd6 21. Bxf6 Rfe8 22. Bxg7 Kxg7 23. Qe2 Qxd5 24. Qa6 Qxe4 25. Qxa5 Re5 26. Qb6 Rcc5 27. a5 Rg5 28. g3 Rh5 29. Rae1 Qg4 30. f3 Qd4+ 31. Kh1 Qd2 32. h4 Rc2 33. Qg1 Rc4 34. Qf2 Qxa5 35. Re4 Qb4 36. Rxc4 Qxc4 37. Rd1 Rd5 38. Rxd5 Qxd5 39. Kg2 Qc4 40. Qd2 Kg8 41. Kf2 d5 42. Qc3 Qb5 43. b4 Qa4 44. Ke3 Qd1 45. Qc8+ 1/2-1/2

[Event "SVK-chT2B 0607"]
[Site "Slovakia"]
[Date "2007.01.13"]
[Round "7.3"]
[White "Kukel, Imre1111"]
[Black "Balogh, Marian"]
[Result "1-0"]
[WhiteElo "2289"]
[BlackElo "2243"]
[PlyCount "87"]
[EventDate "2006.10.14"]
[EventType "team-tourn"]
[EventRounds "11"]
[EventCountry "SVK"]
[SourceTitle "EXT 2008"]
[Source "ChessBase"]
[SourceDate "2007.11.25"]
[SourceVersion "1"]
[SourceVersionDate "2007.11.25"]
[SourceQuality "1"]
[WhiteTeam "Komarno KSC"]
[BlackTeam "Nove Zamky II"]
[WhiteTeamCountry "SVK"]
[BlackTeamCountry "SVK"]

1. e4 c6 2. d4 d5 3. Nc3 dxe4 4. Nxe4 Nf6 5. Nxf6+ exf6 6. c3 Be6 7. Bd3 Bd6 8. Ne2 Qc7 9. Qc2 Nd7 10. g3 Bd5 11. Be4 0-0-0 12. Bxd5 cxd5 13. Bf4 g6 14. 0-0-0 Nb6 15. Rhe1 Rhe8 16. Bxd6 Qxd6 17. Nf4 Re7 18. Rxe7 Qxe7 19. Qe2 Qxe2 20. Nxe2 Re8 21. Re1 Kd7 22. b3 f5 23. Kd2 Kd6 24. Nf4 Rxe1 25. Kxe1 g5 26. Ng2 Ke6 27. Ke2 Nc8 28. Ne3 b5 29. c4 bxc4 30. bxc4 dxc4 31. Nxc4 Ne7 32. Kd3 Nd5 33. Ne3 Nb4+ 34. Kc4 Nxa2 35. d5+ Kf6 36. d6 f4 37. gxf4 Ke6 38. Kc5 a5 39. f5+ Kd7 40. Nc4 Nc3 41. Ne5+ Ke8 42. Kc6 f6 43. d7+ Ke7 44. Nf7 1-0

[Event "SVK-chT 0607"]
[Site "Slovakia"]
[Date "2006.11.12"]
[Round "4"]
[White "Balogh, Marian"]
[Black "Bazant, Petr Sr"]
[Result "1/2-1/2"]
[WhiteElo "2255"]
[BlackElo "2313"]
[PlyCount "94"]
[EventDate "2006.10.21"]
[EventType "team-tourn"]
[EventRounds "11"]
[EventCountry "SVK"]
[SourceTitle "EXT 2019"]
[Source "ChessBase"]
[SourceDate "2018.10.10"]
[SourceVersion "1"]
[SourceVersionDate "2018.10.10"]
[SourceQuality "1"]
[WhiteTeam "Nove Zamky Basta"]
[BlackTeam "Dubnica nad Vahom"]
[WhiteTeamCountry "SVK"]
[BlackTeamCountry "SVK"]

1. c4 d5 2. cxd5 Qxd5 3. Nc3 Qd6 4. g3 e5 5. Bg2 c6 6. Nf3 Nf6 7. d3 Be7 8. Qc2 0-0 9. 0-0 Na6 10. a3 Nc5 11. b4 Ne6 12. e3 Nd7 13. Ne4 Qc7 14. Qb3 Nf6 15. Nxf6+ Bxf6 16. Bb2 Rd8 17. h4 Nf8 18. d4 Be6 19. Qc2 exd4 20. Nxd4 Bg4 21. b5 c5 22. Rac1 Rac8 23. Nf3 Bxb2 24. Qxb2 Bxf3 25. Bxf3 b6 26. Rfd1 Rxd1+ 27. Rxd1 Rd8 28. Bd5 Ne6 29. Qc3 Kf8 30. e4 Qd7 31. a4 Nd4 32. Rxd4 cxd4 33. Qxd4 Qd6 34. Qc3 h6 35. Kg2 Qe7 36. Qf3 Rc8 37. Qf5 Rc2 38. Bb3 Rc3 39. Qd5 Rxb3 40. Qxb3 Qxe4+ 41. Kg1 Qd4 42. Qc2 g6 43. Qb3 Kg7 44. Kg2 g5 45. hxg5 hxg5 46. Qc2 g4 47. Qf5 Qxa4 1/2-1/2

[Event "SVK-ch op-A"]
[Site "Banska Stiavnica"]
[Date "2006.07.16"]
[Round "9"]
[White "Balogh, Marian"]
[Black "Lipka, Juraj"]
[Result "0-1"]
[WhiteElo "2233"]
[BlackElo "2420"]
[PlyCount "116"]
[EventDate "2006.07.08"]
[EventType "swiss"]
[EventRounds "9"]
[EventCountry "SVK"]
[SourceTitle "CBM 113 Extra"]
[Source "ChessBase"]
[SourceDate "2006.09.14"]
[SourceVersion "1"]
[SourceVersionDate "2006.09.14"]
[SourceQuality "1"]

1. d4 d5 2. Nf3 Nf6 3. c4 e6 4. e3 Be7 5. Bd3 dxc4 6. Bxc4 a6 7. a3 c5 8. 0-0 b5 9. Be2 Nbd7 10. b3 Bb7 11. Nbd2 0-0 12. Bb2 Rc8 13. Qb1 Qc7 14. Rc1 Qb8 15. a4 b4 16. a5 Nd5 17. Bc4 Rfd8 18. Ne4 cxd4 19. Bxd4 N7f6 20. Be5 Qa8 21. Ned2 Ng4 22. Bd4 Nc3 23. Rxc3 bxc3 24. Bxc3 Bf6 25. Bd4 Qb8 26. h3 Bxd4 27. exd4 Nf6 28. Qd3 Qd6 29. Re1 h6 30. Re5 Bd5 31. Qe3 Rc6 32. g4 Rb8 33. Kg2 Qd8 34. Qe2 Qxa5 35. g5 hxg5 36. Rxg5 Qc7 37. Qe3 g6 38. Kg1 Rcb6 39. Ne5 Qe7 40. Qg3 Ne4 41. Nxe4 Bxe4 42. Qh4 Qd8 43. Nxf7 Kxf7 44. Qh7+ Kf6 45. Rg3 Bf5 46. d5 exd5 47. Bd3 Rxb3 48. Rxg6+ Bxg6 49. Qxg6+ Ke5 50. Qg7+ Qf6 51. f4+ Ke6 52. f5+ Ke5 53. Qg3+ Kd4 54. Qf2+ Kxd3 55. Qf1+ Ke4 56. Qg2+ Ke5 57. Qe2+ Kd6 58. Qxa6+ R8b6 0-1

[Event "SVK-ch op-A"]
[Site "Banska Stiavnica"]
[Date "2006.07.09"]
[Round "2"]
[White "Balogh, Marian"]
[Black "Rigo, Zsolt"]
[Result "1-0"]
[WhiteElo "2233"]
[BlackElo "2410"]
[PlyCount "78"]
[EventDate "2006.07.08"]
[EventType "swiss"]
[EventRounds "9"]
[EventCountry "SVK"]
[SourceTitle "CBM 113 Extra"]
[Source "ChessBase"]
[SourceDate "2006.09.14"]
[SourceVersion "1"]
[SourceVersionDate "2006.09.14"]
[SourceQuality "1"]

1. d4 Nf6 2. c4 e6 3. Nc3 Bb4 4. Qc2 d5 5. cxd5 Qxd5 6. Nf3 Qf5 7. Qxf5 exf5 8. Bd2 c6 9. Ne5 Nbd7 10. Nd3 Be7 11. g3 Nb6 12. Bg2 0-0 13. Bg5 a5 14. 0-0 h6 15. Bxf6 Bxf6 16. e3 a4 17. Nc5 Be7 18. b3 a3 19. Nd3 Be6 20. Nf4 Rfd8 21. Rfd1 g5 22. Nxe6 fxe6 23. Rac1 Kg7 24. Rc2 Bb4 25. Ne2 Kf6 26. Nc1 e5 27. Nd3 Bd6 28. Nxe5 Bxe5 29. dxe5+ Kxe5 30. Rcd2 Rxd2 31. Rxd2 Ra5 32. f4+ Ke6 33. Rc2 Nd5 34. Bxd5+ Rxd5 35. Kf2 Rd1 36. Ke2 Rb1 37. Kd3 Kd5 38. g4 fxg4 39. Rg2 Rb2 1-0

[Event "SVK-chT 0506"]
[Site "Slovakia"]
[Date "2006.02.26"]
[Round "11"]
[White "Csolto, Robert"]
[Black "Balogh, Marian"]
[Result "1-0"]
[WhiteElo "2345"]
[BlackElo "2215"]
[PlyCount "145"]
[EventDate "2005.10.08"]
[EventType "team-tourn"]
[EventRounds "11"]
[EventCountry "SVK"]
[SourceTitle "EXT 2019"]
[Source "ChessBase"]
[SourceDate "2018.10.10"]
[SourceVersion "1"]
[SourceVersionDate "2018.10.10"]
[SourceQuality "1"]
[WhiteTeam "Liptov"]
[BlackTeam "Nove Zamky Basta"]
[WhiteTeamCountry "SVK"]
[BlackTeamCountry "SVK"]

1. e4 c5 2. Nf3 Nc6 3. d4 cxd4 4. Nxd4 e5 5. Nb5 a6 6. Nd6+ Bxd6 7. Qxd6 Qf6 8. Qa3 Nge7 9. Nc3 0-0 10. Be3 d5 11. Nxd5 Nxd5 12. exd5 Nd4 13. Bd3 Bf5 14. Bxd4 exd4 15. 0-0 Rad8 16. Rfe1 Bxd3 17. Qxd3 Rxd5 18. Re4 Qc6 19. Rae1 g6 20. R1e2 Rfd8 21. g3 Kg7 22. Re7 Rf5 23. R2e4 Qb6 24. b3 Rd6 25. R7e5 Rxe5 26. Rxe5 h5 27. a4 Qc7 28. h4 Rd7 29. Re2 Qc5 30. Rd2 Qb4 31. Rd1 Rd6 32. Qe4 Qc5 33. Rd2 b5 34. axb5 axb5 35. Re2 d3 36. cxd3 Re6 37. Qf3 Qc1+ 38. Kg2 Rf6 39. Qd5 Qd1 40. Re8 Qc2 41. Qd4 Qc6+ 42. Re4 Kh7 43. Kh2 Rd6 44. Qe3 Qd5 45. Re8 Rf6 46. Re4 Rd6 47. d4 Rf6 48. Re5 Qc6 49. d5 Qd6 50. Kg2 b4 51. Qe4 Qc5 52. Qe3 Qc2 53. Re4 Rxf2+ 54. Qxf2 Qxe4+ 55. Qf3 Qc2+ 56. Kh3 Qc8+ 57. Kg2 Kg7 58. Qe4 Qc3 59. Qf3 f6 60. Kf2 Qd2+ 61. Kf1 Kf7 62. Qe4 Qc1+ 63. Kg2 Qb2+ 64. Kh3 Qxb3 65. Qe6+ Kg7 66. Qe7+ Kh6 67. Qxf6 Kh7 68. Qf7+ Kh6 69. Qg8 Qc3 70. Qf8+ Kh7 71. d6 Qc1 72. Qe7+ Kh8 73. Qd8+ 1-0